[Event "32. Offene Senioren-LEM Sachsen-Anh. 65+"]
[Site "Magdeburg"]
[Date "2024.07.03"]
[Round "3.46"]
[White "Stratmann, Alois"]
[Black "Roth, Heinz-Georg"]
[Result "0-1"]
[WhiteElo "1705"]
[BlackElo "1830"]
[PlyCount "96"]
[EventDate "2024.??.??"]
[WhiteTeam "Schachverein Ahlen 1954"]
[BlackTeam "SC Lindau"]

1. Nf3 f5 2. b3 Nf6 3. Bb2 e6 4. e3 b6 5. Be2 Bb7 6. d4 Nc6 7. Nbd2 Be7 8. c4
O-O 9. O-O Qe8 10. a3 Rd8 11. Ne1 d5 12. cxd5 exd5 13. Nef3 Bd6 14. Bb5 a6 15.
Be2 h6 16. Ne1 g5 17. Nd3 Rd7 18. Nf3 Re7 19. Nfe5 g4 20. g3 Ne4 21. b4 Ng5 22.
Nxc6 Bxc6 23. Ne5 Bb7 24. Bc1 h5 25. Bb2 Nf7 26. Ng6 Ng5 27. Nxe7+ Qxe7 28. Qd3
Ne4 29. Kg2 h4 30. Rh1 h3+ 31. Kf1 Bc8 32. Qd1 Qg5 33. Rg1 Re8 34. Rc1 Nxf2 35.
Kxf2 Qxe3+ 36. Kf1 f4 37. Rc3 Qe6 38. gxf4 Qe4 39. Rxh3 Kf7 40. Qd3 gxh3 41.
Qxe4 Rxe4 42. Bh5+ Kf8 43. Rg3 Rxf4+ 44. Rf3 Be6 45. Bc1 Rxf3+ 46. Bxf3 Bxh2
47. Be3 Kg7 48. Bg1 Bf4 0-1

[Event "32. Offene Senioren-LEM Sachsen-Anh. 65+"]
[Site "Magdeburg"]
[Date "2024.07.03"]
[Round "3.47"]
[White "Neubauer, Uwe"]
[Black "Conrad, Heidrun"]
[Result "0-1"]
[WhiteElo "1827"]
[BlackElo "1710"]
[PlyCount "68"]
[EventDate "2024.??.??"]
[WhiteTeam "SK Anderten"]
[BlackTeam "SF Turm 2000 Wahrburg"]

1. Nf3 d5 2. g3 Nf6 3. Bg2 e6 4. d3 Bd6 5. O-O O-O 6. Nbd2 e5 7. c4 c6 8. b3
Bf5 9. Bb2 Re8 10. Nh4 Be6 11. Rc1 Nbd7 12. Nhf3 Qa5 13. Bc3 Qb6 14. d4 exd4
15. Nxd4 c5 16. Nxe6 fxe6 17. cxd5 exd5 18. e3 Be5 19. Nb1 Qe6 20. Re1 Ne4 21.
Qd3 Ndf6 22. Rcd1 Rad8 23. Bxe5 Qxe5 24. f3 Nd6 25. Nc3 c4 26. Qd2 Nf5 27. f4
Qe7 28. Nxd5 Qc5 29. Nxf6+ gxf6 30. Qe2 c3 31. Rxd8 Rxd8 32. Be4 Rd2 33. Qg4+
Ng7 34. Qh4 f5 0-1

[Event "32. Offene Senioren-LEM Sachsen-Anh. 65+"]
[Site "Magdeburg"]
[Date "2024.07.03"]
[Round "3.48"]
[White "Kramell, Ralph F. K"]
[Black "Rosenkranz, Richard"]
[Result "1-0"]
[WhiteElo "1824"]
[BlackElo "1628"]
[PlyCount "87"]
[EventDate "2024.??.??"]
[WhiteTeam "SG 2011 Sennewitz"]
[BlackTeam "Haldensleber Sportclub"]

1. Nc3 e5 2. e4 Nf6 3. Bc4 Bb4 4. Nge2 Bxc3 5. Nxc3 b6 6. d3 h6 7. O-O O-O 8.
f4 d6 9. b4 c5 10. b5 Bb7 11. Qe1 Nh5 12. Nd5 Nd7 13. f5 Nhf6 14. Qg3 Nh5 15.
Qg4 Ndf6 16. Nxf6+ Qxf6 17. Qxh5 Rad8 18. Be3 d5 19. exd5 Bxd5 20. Bxd5 Rxd5
21. Qg4 Kh8 22. a4 Rg8 23. Qe4 Rd7 24. a5 Rdd8 25. axb6 Qxb6 26. Qxe5 Rde8 27.
Qf4 g5 28. fxg6 Qxg6 29. Qf6+ Kh7 30. Qxg6+ Rxg6 31. Bxc5 Rc8 32. d4 Rcg8 33.
Rxf7+ Kh8 34. g3 h5 35. Raxa7 Re8 36. Rf8+ Rxf8 37. Bxf8 Rf6 38. Bc5 Rg6 39. b6
h4 40. Kg2 hxg3 41. hxg3 Rg8 42. Rc7 Re8 43. b7 Re2+ 44. Kf3 1-0

[Event "32. Offene Senioren-LEM Sachsen-Anh. 65+"]
[Site "Magdeburg"]
[Date "2024.07.03"]
[Round "3.49"]
[White "Gismann, Jürgen"]
[Black "Ludwig, Richard"]
[Result "1-0"]
[WhiteElo "1813"]
[BlackElo "1698"]
[PlyCount "29"]
[EventDate "2024.??.??"]
[WhiteTeam "USC Magdeburg"]
[BlackTeam "SV Irxleben 1919"]

1. e4 Nf6 2. e5 Nd5 3. d4 d6 4. Nf3 Bg4 5. Be2 e6 6. h3 Bxf3 7. Bxf3 c6 8. O-O
Be7 9. Bxd5 cxd5 10. f4 dxe5 11. fxe5 Nd7 12. Qg4 Rg8 13. Qh5 g6 14. Qxh7 Rf8
15. Bh6 1-0

[Event "32. Offene Senioren-LEM Sachsen-Anh. 65+"]
[Site "Magdeburg"]
[Date "2024.07.03"]
[Round "3.50"]
[White "Bondick, Karl-Heinz"]
[Black "Ogrisek, Gerd"]
[Result "1-0"]
[WhiteElo "1887"]
[BlackElo "1710"]
[PlyCount "33"]
[EventDate "2024.??.??"]
[WhiteTeam "USC Magdeburg"]
[BlackTeam "SV Rochade Magdeburg"]

1. d4 d5 2. e4 dxe4 3. Nc3 Nf6 4. f3 exf3 5. Nxf3 Bg4 6. h3 Bh5 7. g4 Bg6 8.
Bg2 c6 9. O-O e6 10. Bg5 Be7 11. Qe2 O-O 12. Rad1 Nd5 13. Bc1 Nd7 14. Ne4 Qc7
15. c4 Nf4 16. Bxf4 Qxf4 17. Ne5 1-0

[Event "32. Offene Senioren-LEM Sachsen-Anh. 65+"]
[Site "Magdeburg"]
[Date "2024.07.03"]
[Round "3.51"]
[White "Gieseke, Karl-Heinz"]
[Black "Weigelt, Joachim"]
[Result "0-1"]
[WhiteElo "1696"]
[BlackElo "1810"]
[PlyCount "92"]
[EventDate "2024.??.??"]
[WhiteTeam "SG Schöningen JFZ-I"]
[BlackTeam "VfB 07 Lettin"]

1. e4 e5 2. Nf3 Nf6 3. Nc3 Nc6 4. Bc4 Nxe4 5. Nxe4 d5 6. Neg5 dxc4 7. O-O Bd6
8. Re1 O-O 9. d3 cxd3 10. Qxd3 f5 11. Qd5+ Kh8 12. Nf7+ Rxf7 13. Qxf7 Qg8 14.
Qxg8+ Kxg8 15. c3 e4 16. Ng5 h6 17. Nh3 g5 18. Kh1 Bd7 19. f4 exf3 20. gxf3 Ne5
21. Kg2 Bc6 22. Ng1 Kg7 23. Be3 Kg6 24. Rad1 g4 25. Kf2 gxf3 26. Bd4 Ng4+ 27.
Kf1 Nxh2+ 28. Kf2 Ng4+ 29. Kf1 Bb5+ 30. Re2 fxe2+ 31. Nxe2 Re8 32. Rd2 Bf4 33.
Rc2 Bd3 34. Kg2 Rxe2+ 35. Rxe2 Bxe2 36. Bxa7 b6 37. a4 Be3 38. Bb8 c5 39. Bg3
f4 40. Bh4 f3+ 41. Kh3 Bf2 42. Kxg4 Bxh4 43. Kxh4 f2 44. b4 cxb4 45. cxb4 f1=Q
46. b5 Qf4+ 0-1

[Event "32. Offene Senioren-LEM Sachsen-Anh. 65+"]
[Site "Magdeburg"]
[Date "2024.07.03"]
[Round "3.52"]
[White "Bausch, Jean"]
[Black "Watermann, Bernd"]
[Result "1/2-1/2"]
[WhiteElo "1804"]
[BlackElo "1660"]
[PlyCount "67"]
[EventDate "2024.??.??"]
[WhiteTeam "Schachclub Unterhaching"]
[BlackTeam "Sf Barsinghausen e.V."]

1. c4 f5 2. d4 e6 3. g3 Nf6 4. Nc3 d5 5. Bg2 c6 6. cxd5 exd5 7. Nf3 Be7 8. O-O
O-O 9. Qc2 Ne4 10. a3 Be6 11. Ne5 Nd7 12. Nxd7 Qxd7 13. f3 Ng5 14. Bf4 Nf7 15.
Nd1 g5 16. Bd2 Nd6 17. Qc1 h6 18. Nf2 Nc4 19. Nd3 Nxd2 20. Qxd2 Bd6 21. Nc5
Bxc5 22. dxc5 f4 23. g4 Rae8 24. Rfe1 Bf7 25. Rad1 Re3 26. Qd4 Bg6 27. Kf2 Qe6
28. Rd2 Re8 29. Bf1 h5 30. h3 Re7 31. Bg2 hxg4 32. hxg4 Qe5 33. Qxe5 R7xe5 34.
Red1 1/2-1/2

[Event "32. Offene Senioren-LEM Sachsen-Anh. 65+"]
[Site "Magdeburg"]
[Date "2024.07.03"]
[Round "3.53"]
[White "Peter, Volkhard"]
[Black "Schiefer, Jörg"]
[Result "0-1"]
[WhiteElo "1800"]
[BlackElo "1655"]
[PlyCount "96"]
[EventDate "2024.??.??"]
[WhiteTeam "SV Einheit Schwerin"]
[BlackTeam "USC Magdeburg"]

1. e4 c5 2. d4 cxd4 3. c3 Qa5 4. Bd2 dxc3 5. Nxc3 e6 6. Bc4 Qc5 7. Bb3 Nc6 8.
Nf3 Nf6 9. Rc1 Qh5 10. O-O Bd6 11. Re1 Ne5 12. Nxe5 Qxd1 13. Rcxd1 Bxe5 14. f4
Bxc3 15. Bxc3 O-O 16. Bxf6 gxf6 17. Ba4 Rd8 18. Re3 a6 19. Rg3+ Kf8 20. Bc2 b5
21. Rh3 Kg7 22. Rdd3 Rg8 23. Rh4 Rh8 24. Rg3+ Kf8 25. Bd1 Bb7 26. f5 Rg8 27.
Rxg8+ Kxg8 28. Kf2 Rc8 29. Rg4+ Kh8 30. Ke3 Rc1 31. Kd2 Rc4 32. Be2 Rxe4 33.
Rxe4 Bxe4 34. fxe6 fxe6 35. g3 Kg7 36. Ke3 Bb1 37. a4 bxa4 38. Bxa6 e5 39. Bb5
a3 40. bxa3 d5 41. Bd3 d4+ 42. Kd2 Bxd3 43. Kxd3 Kf8 44. g4 Ke7 45. h4 h6 46.
Kc4 Kd6 47. a4 Kc6 48. a5 Kb7 0-1

[Event "32. Offene Senioren-LEM Sachsen-Anh. 65+"]
[Site "Magdeburg"]
[Date "2024.07.03"]
[Round "3.54"]
[White "Redeker, Frank"]
[Black "Langbein, Wolfgang"]
[Result "1-0"]
[WhiteElo "1789"]
[BlackElo "1533"]
[PlyCount "101"]
[EventDate "2024.??.??"]
[WhiteTeam "Schachfreunde Brand 1981"]
[BlackTeam "PSV Ribnitz-Damgarten"]

1. d4 d5 2. Bf4 Bf5 3. Nd2 e6 4. e3 Nf6 5. Ngf3 Bd6 6. Ne5 Nbd7 7. Bd3 Bxd3 8.
cxd3 Nxe5 9. dxe5 Be7 10. exf6 Bxf6 11. d4 g5 12. Bg3 h5 13. Rc1 c6 14. Be5
Bxe5 15. dxe5 Qc7 16. f4 gxf4 17. exf4 O-O-O 18. Qa4 Qb6 19. Qb3 Qd4 20. Rf1 h4
21. Rc3 Rdg8 22. Rd3 Qc5 23. Rc3 Qd4 24. Rf2 Rg7 25. Qc2 Rhg8 26. Rd3 Qxf2+ 27.
Kxf2 Rxg2+ 28. Ke1 Rxh2 29. Qc5 Rhg2 30. Qxa7 Rg1+ 31. Nf1 R8g4 32. Rf3 Rh1 33.
Qe3 Kc7 34. Rh3 Rhg1 35. Qf3 Kd7 36. Qa3 Rxf4 37. Qd6+ Kc8 38. Ra3 Rgxf1+ 39.
Kd2 R1f2+ 40. Kc3 R2f3+ 41. Kd2 Rxa3 42. Qxa3 Rd4+ 43. Ke2 Re4+ 44. Kf2 Rxe5
45. Qf8+ Kd7 46. Qxf7+ Kd6 47. Qf4 c5 48. Qxh4 Rf5+ 49. Kg3 Rf7 50. Qd8+ Rd7
51. Qb6+ 1-0

[Event "32. Offene Senioren-LEM Sachsen-Anh. 65+"]
[Site "Magdeburg"]
[Date "2024.07.03"]
[Round "3.55"]
[White "Girod, Gudrun"]
[Black "Zimmer, Franz"]
[Result "1/2-1/2"]
[WhiteElo "1649"]
[BlackElo "1766"]
[PlyCount "37"]
[EventDate "2024.??.??"]
[WhiteTeam "Hannover 96"]
[BlackTeam "SG Trier 1877"]

1. d3 d5 2. e3 Nf6 3. Nf3 Bg4 4. Be2 e6 5. h3 Bh5 6. c3 c5 7. Nbd2 Nbd7 8. O-O
Bd6 9. Qc2 O-O 10. c4 Rc8 11. Qd1 Re8 12. b3 h6 13. Bb2 dxc4 14. Nxc4 Bb8 15.
Nfe5 Bxe2 16. Qxe2 Nd5 17. Qf3 Rf8 18. Ba3 Nxe5 19. Nxe5 1/2-1/2

[Event "32. Offene Senioren-LEM Sachsen-Anh. 65+"]
[Site "Magdeburg"]
[Date "2024.07.03"]
[Round "3.56"]
[White "Geibel, Henning"]
[Black "Wulff, Rüdiger"]
[Result "0-1"]
[WhiteElo "1601"]
[BlackElo "1731"]
[PlyCount "66"]
[EventDate "2024.??.??"]
[WhiteTeam "Ahrensburger TSV"]
[BlackTeam "Flechtinger Sportverein"]

1. e4 d5 2. e5 c5 3. Nf3 a6 4. d4 c4 5. c3 Nc6 6. Be2 e6 7. O-O h6 8. b3 b5 9.
a4 Bd7 10. Ba3 Be7 11. Bxe7 Ngxe7 12. axb5 axb5 13. Rxa8 Qxa8 14. Nh4 O-O 15.
bxc4 bxc4 16. Nd2 Rb8 17. h3 Rb2 18. Qc1 Qa2 19. Rd1 Rc2 20. Qa1 Qxa1 21. Rxa1
Rxd2 22. Bf3 Rb2 23. g4 Rb3 24. Rc1 g5 25. Ng2 Kg7 26. h4 Na7 27. hxg5 hxg5 28.
Ne1 Nb5 29. Bd1 Rxc3 30. Rb1 Nxd4 31. Rb7 Rc1 32. Rxd7 Rxd1 33. Kf1 Ng6 0-1